000 00592nam a2200229Ia 4500
003 OSt
005 20220912153109.0
006 a|||||r|||| 00| 0
007 ta
008 220909b |||||||| |||| 00| 0 eng d
024 _a21501
037 _cTextual
040 _aCSL
_beng
_cCSL
041 _aeng
082 _aY38-49(J):3.2z7, M2
100 _aGuha R Ed.
245 0 _aSubaltern studies I: Writings on south Asian History ans society
260 _c1982
300 _ap.
_ccm.
942 _hY38-49(J):3.2z7, M2
_cTEXL
_2CC
999 _c97972
_d97972